A Arte e a sociedade (Record no. 45464)

MARC details
000 -Etiqueta do registo
Valores 00633cam a2200193 4500
100 ## - Dados gerais de processamento
Dados gerais 19910324d1946 m y0pory5003 ba
101 1# - Língua de publicação
Língua por
102 ## - País de publicação
País PT
200 1# - Titulo e menção de responsabilidade
Título próprio A Arte e a sociedade
Primeira menção de responsabilidade Herbert Read
Outras menções de responsabilidade trad. e pref. Alberto Candeias
210 #9 - Publicação
Local de publicação Lisboa
Nome do editor edições Cosmos,
Data de publicação 1946
215 ## - Descrição física 
Paginação / Volumes 214, [1] p., [20] f. est.
Outras indicações físicas il.
Dimensões 19 cm
225 2# - Colecção 
Título próprio da colecção Biblioteca Cosmos
Indicação de volume 112-113
Número de parte ou secção 2.ª parte
Nome de parte ou secção Artes ce Letras. Pintura, Escultura e Arquitectura
675 ## - CDU
Notação 7.01
Edição BN
Língua por
700 #1 - Autor principal
Apelido Read,
Nome Herbert Edward,
Datas 1893-1968
702 #1 - Autor secundário
Apelido Candeias,
Nome Alberto,
Datas 1891-1972
Função 730
801 #0 - Fonte de origem
País PT
Agência BN
Regras de catalogação RPC
990 ## - Elementos KOHA
Tipo de documento Livro
Holdings
Aquisição Empréstimo Código de barras Cota Permissão de empréstimo Tipo de documento Nota relativa ao exemplar
Biblioteca Municipal de Redondo Biblioteca Municipal de Redondo 056180 7.01 REA Consulta presencial Livro oferta de Vergílio Ambrósio

Powered by Koha